|
|
|
|
| LEADER |
00000ny a22000003n 4500 |
| 005 |
20110509132316.0 |
| 008 |
080922s1997 sp r s 000 a0spa c |
| 035 |
|
|
|a 49
|
| 040 |
|
|
|a UMA.RE
|d vlex
|
| 080 |
|
|
|a 331.45(051)
|
| 080 |
|
|
|a 349.24(051)
|
| 090 |
|
|
|c 1458
|d 1458
|
| 245 |
3 |
0 |
|a Documentos INSHT
|h [Recurso electrn̤ico]
|c Instituto Nacional de Seguridad e Higiene en el Trabajo
|
| 256 |
|
|
|a Servicio en ln̕ea
|
| 260 |
|
|
|a Madrid :
|b INSHT
|
| 506 |
1 |
|
|a Contenido solo disponible en los productos indicados
|d vLex Global
|d vLex Global (Academic Edition, excluding Law Schools)
|d vLex Global (U.S. Academic Edition, Law Schools)
|d vLex Global (U.S. Academic Edition, excluding Law Schools)
|d vLex Global (Academic Edition, Law Schools)
|
| 650 |
|
|
|a Prevencin̤ de riesgos laborales
|2 Tesauro vLex
|
| 650 |
|
|
|a Seguridad e higiene
|2 Tesauro vLex
|
| 650 |
|
|
|2 Tesauro vLex
|a Seguridad e higiene del trabajo
|
| 710 |
2 |
|
|a Instituto Nacional de Seguridad e Higiene en el Trabajo (Espaą)
|
| 740 |
0 |
|
|a vLex Revista (Servicios en ln̕ea)
|
| 853 |
|
|
|8 1
|i (year)
|j (month)
|k (day)
|
| 856 |
4 |
0 |
|u http://vlex.com/source/seguridad-higiene-trabajo-49
|z Acceso restringido
|
| 942 |
|
|
|c REV
|